000 00476nam a2200181Ia 4500
005 20250923144238.0
008 008 250917s9999 xx 000 0 eng d
037 _aTextual
040 _aDSWL
_beng
_cDSWL
041 _aeng
_2eng
084 _aTz7, H6
_qDSWL
100 _aAshby, E
_9822792
245 0 _aChallenge to education
_cby E Ashby
260 _aSydney
_c1946
300 _a131 p.
942 _cTEXL
_hTz7, H6
999 _c1436534
_d1436534